An introduction to tourism / (Record no. 9143)

MARC details
000 -LEADER
fixed length control field 01171cam a2200313 a 4500
001 - CONTROL NUMBER
control field 2096141
003 - CONTROL NUMBER IDENTIFIER
control field OSt
005 - DATE AND TIME OF LATEST TRANSACTION
control field 20240710111351.0
008 - FIXED-LENGTH DATA ELEMENTS--GENERAL INFORMATION
fixed length control field 950609s1997 enka b 001 0 eng d
010 ## - LIBRARY OF CONGRESS CONTROL NUMBER
LC control number 95163139
020 ## - INTERNATIONAL STANDARD BOOK NUMBER
International Standard Book Number 0750619562
035 ## - SYSTEM CONTROL NUMBER
System control number (OCoLC)36488665
040 ## - CATALOGING SOURCE
Transcribing agency must
042 ## - AUTHENTICATION CODE
Authentication code lccopycat
050 00 - LIBRARY OF CONGRESS CALL NUMBER
Classification number G155.A1
Item number L52 1997
082 00 - DEWEY DECIMAL CLASSIFICATION NUMBER
Classification number 338.4 LIC 1997
Edition number 21
100 1# - MAIN ENTRY--PERSONAL NAME
Personal name Lickorish, Leonard J.
Fuller form of name (Leonard John)
9 (RLIN) 18619
245 13 - TITLE STATEMENT
Title An introduction to tourism /
Statement of responsibility, etc. Leonard J. Lickorish, Carson L. Jenkins.
260 ## - PUBLICATION, DISTRIBUTION, ETC. (IMPRINT)
Place of publication, distribution, etc. Oxford ;
-- New York :
Name of publisher, distributor, etc. Butterworth-Heinemann,
Date of publication, distribution, etc. 1997.
300 ## - PHYSICAL DESCRIPTION
Extent xii, 244 p. :
Other physical details ill. ;
Dimensions 25 cm.
504 ## - BIBLIOGRAPHY, ETC. NOTE
Bibliography, etc Includes bibliographical references and index.
650 #0 - SUBJECT ADDED ENTRY--TOPICAL TERM
Topical term or geographic name as entry element Tourism.
9 (RLIN) 7816
700 1# - ADDED ENTRY--PERSONAL NAME
Personal name Jenkins, Carson L.
9 (RLIN) 18620
856 42 - ELECTRONIC LOCATION AND ACCESS
Materials specified Publisher description
Uniform Resource Identifier <a href="http://www.loc.gov/catdir/description/els032/95163139.html">http://www.loc.gov/catdir/description/els032/95163139.html</a>
856 41 - ELECTRONIC LOCATION AND ACCESS
Materials specified Table of contents
Uniform Resource Identifier <a href="http://www.loc.gov/catdir/toc/els032/95163139.html">http://www.loc.gov/catdir/toc/els032/95163139.html</a>
906 ## - LOCAL DATA ELEMENT F, LDF (RLIN)
a 7
b cbc
c copycat
d 3
e ncip
f 19
g y-gencatlg
942 ## - ADDED ENTRY ELEMENTS (KOHA)
Source of classification or shelving scheme Dewey Decimal Classification
Koha item type Open Shelf
Holdings
Withdrawn status Lost status Source of classification or shelving scheme Damaged status Not for loan Home library Current library Date acquired Source of acquisition Inventory number Total Checkouts Full call number Barcode Date last seen Price effective from Koha item type
    Dewey Decimal Classification     MUST Main Library MUST Main Library 10/07/2024 donation 2000/13628   338.4 LIC 1997 2024-21908 10/07/2024 10/07/2024 Open Shelf